Catalog

Record Details

Catalog Search



Ex Libris / Michiko Kakutani ; illustrated by Dana ... Read More

Kakutani, Michiko,(author.).
Tanamachi, Dana,(illustrator.).

Available copies

  • 2 of 2 copies available at LARL/NWRL Consortium.
  • 2 of 2 copies available at Lake Agassiz Regional Library. (Show preferred library)

Current holds

0 current holds with 2 total copies.

Show Only Available Copies
Location Call Number / Copy Notes Barcode Shelving Location Status Due Date
Ada Public Library 028 KAK (Text) 33500013320262 Main Available -
Hawley Public Library 028 KAK (Text) 33500013320270 Main Available -

Record details

  • ISBN: 9780525574972
  • ISBN: 0525574972
  • Physical Description: 301 pages : color illustrations ; 20 cm
  • Edition: First edition.
  • Publisher: New York : Clarkson Potter/Publishers, [2020]

Content descriptions

Summary, etc.:
The author shares her enthusiasm for more than 100 ... Read More
"From "the most powerful book critic in the ... Read More
Subject: Best books.
Criticism.
Kakutani, Michiko > Books and reading.
Books and reading > United States.
Best books.
Books and reading.
United States.
Genre: Literary criticism.
Essays.
LDR 02629cam a22005898i 4500
001350975
003LARL_NWRL_CONSORTIUM
00520210104215936.0
008200423t20202020nyua g 000 0 eng
010 . ‡a 2020007615
040 . ‡aDLC ‡beng ‡erda ‡cDLC ‡dOCLCO ‡dOCLCQ ‡dOCLCF ‡dJAS ‡dOCO ‡dUAP ‡dIH9 ‡dVP@ ‡dNHP ‡dEB$
019 . ‡a1194413249 ‡a1202674724
020 . ‡a9780525574972 ‡q(hardcover)
020 . ‡a0525574972 ‡q(hardcover)
020 . ‡z9780525574989 ‡q(ebook)
035 . ‡a(OCoLC)1137830714 ‡z(OCoLC)1194413249 ‡z(OCoLC)1202674724
037 . ‡bRandom House Inc, Attn Order Entry 400 Hahn rd, Westminster, MD, USA, 21157 ‡nSAN 201-3975
042 . ‡apcc
043 . ‡an-us---
08200. ‡a028/.9 ‡223
1001 . ‡aKakutani, Michiko, ‡eauthor.
24010. ‡aEssays. ‡kSelections
24510. ‡aEx Libris / ‡cMichiko Kakutani ; illustrated by Dana Tanamachi.
24614. ‡aEx Libris : ‡b100+ books to read and reread
250 . ‡aFirst edition.
264 1. ‡aNew York : ‡bClarkson Potter/Publishers, ‡c[2020]
264 4. ‡c©2020
300 . ‡a301 pages : ‡bcolor illustrations ; ‡c20 cm
336 . ‡atext ‡btxt ‡2rdacontent
337 . ‡aunmediated ‡bn ‡2rdamedia
338 . ‡avolume ‡bnc ‡2rdacarrier
520 . ‡aThe author shares her enthusiasm for more than 100 books: novels and memoirs by some of today's most gifted writers; favorite classics worth reading or rereading; and nonfiction works that illuminate our social and political landscape. -- Adapted from back cover.
520 . ‡a"From "the most powerful book critic in the English-speaking world" (Vanity Fair) comes 100 personal, thought-provoking essays of the life-changing books she wouldn't want you to miss--beautifully illustrated throughout"-- ‡cProvided by publisher.
650 0. ‡aBest books. ‡0(LARL_NWRL_CONSORTIUM)14934
650 0. ‡aCriticism. ‡0(LARL_NWRL_CONSORTIUM)18034
60010. ‡aKakutani, Michiko ‡xBooks and reading.
650 0. ‡aBooks and reading ‡zUnited States. ‡0(LARL_NWRL_CONSORTIUM)15265
650 7. ‡aBest books. ‡2fast ‡0(LARL_NWRL_CONSORTIUM)14934
650 7. ‡aBooks and reading. ‡2fast ‡0(LARL_NWRL_CONSORTIUM)15264
651 7. ‡aUnited States. ‡2fast ‡0(LARL_NWRL_CONSORTIUM)178480
655 7. ‡aLiterary criticism. ‡2lcgft
655 7. ‡aEssays. ‡2lcgft
7001 . ‡aTanamachi, Dana, ‡eillustrator.
77608. ‡iOnline version: ‡aKakutani, Michiko. ‡tEx Libris. ‡dNew York : Clarkson Potter, 2020 ‡z9780525574989 ‡w(DLC) 2020007616
901 . ‡a350975 ‡bOCoLC ‡c350975 ‡tbiblio ‡soclc

Additional Resources